000 00301nam a2200121Ia 4500
008 190216s9999||||xx |||||||||||||| ||und||
100 _aThomas Tt
245 0 _aTheoretical Inorganic Chemistry And Group Study
260 _bVidyarthimithram
_c1976
300 _a222p
650 _aChemistry
942 _cBK
999 _c2030
_d2030